000 00513nam a2200169Ia 4500
003 GCL
008 140319s9999 xx 000 0 ara d
040 _aGCL /
_cGCL
082 0 4 _a709.18
_bم ط
100 1 _aمحمد النويهى
245 1 0 _aطبيعة الفن ومسئولية الفنان /
_cمحمد النويهى
260 _a[S.N] :
_bمعهد الدراسات العربية العالية ،
_c1964
300 _a92 ص
490 _a
650 0 4 _aالفن والمجتمع
942 _2ddc
_cBK
999 _c36908
_d36908